[Event "Al Ain op 3rd"]
[Site "Al Ain"]
[Date "2014.12.25"]
[Round "8"]
[White "Orujova, Najiba"]
[Black "Al Meghbali, Ahmed"]
[Result "1/2-1/2"]
[WhiteElo "1332"]
[BlackElo "1448"]
[PlyCount "64"]
[EventDate "2014.12.19"]
[EventType "swiss"]
[EventRounds "9"]
[EventCountry "UAE"]
[SourceTitle "CBM 164 Extra"]
[Source "ChessBase"]
[SourceDate "2015.03.02"]
[SourceVersion "1"]
[SourceVersionDate "2015.03.02"]
[SourceQuality "1"]

1. d4 d5 2. c4 dxc4 3. Nc3 Nf6 4. Nf3 Nbd7 5. Bf4 b6 6. e3 Bb7 7. Bxc4 e6 8. 0-0 Be7 9. h3 0-0 10. Rc1 a6 11. Re1 Re8 12. Be2 Nf8 13. Ne5 N6d7 14. Nxd7 Nxd7 15. Bf3 Bxf3 16. Qxf3 Bd6 17. Ne4 Bxf4 18. Qxf4 Rc8 19. Rc2 e5 20. Qf3 exd4 21. exd4 c5 22. Rec1 Qe7 23. Ng3 Nf6 24. dxc5 Rxc5 25. Rxc5 bxc5 26. Qc6 Qe5 27. Qb6 Nd7 28. Qxa6 Qxb2 29. Rd1 Qb6 30. Qa4 Nf6 31. Nh5 Rc8 32. Nxf6+ Qxf6 1/2-1/2

[Event "Al Ain op 3rd"]
[Site "Al Ain"]
[Date "2014.12.21"]
[Round "4"]
[White "Elmejbri, Ali Abdoullah"]
[Black "Orujova, Najiba"]
[Result "1-0"]
[WhiteElo "1954"]
[BlackElo "1332"]
[PlyCount "75"]
[EventDate "2014.12.19"]
[EventType "swiss"]
[EventRounds "9"]
[EventCountry "UAE"]
[SourceTitle "CBM 164 Extra"]
[Source "ChessBase"]
[SourceDate "2015.03.02"]
[SourceVersion "1"]
[SourceVersionDate "2015.03.02"]
[SourceQuality "1"]

1. e4 e6 2. Nc3 d5 3. exd5 exd5 4. d4 Nf6 5. Bg5 Be7 6. Bd3 c6 7. Nf3 Bg4 8. h3 Bxf3 9. Qxf3 Nbd7 10. 0-0 0-0 11. Rfe1 Re8 12. Ne2 Rc8 13. c3 Ne4 14. Bxe7 Rxe7 15. Ng3 Nxg3 16. Qxg3 Nf6 17. Re5 Rxe5 18. dxe5 Nd7 19. Re1 Nc5 20. Bc2 Ne6 21. Kh2 Qg5 22. Qxg5 Nxg5 23. f4 Ne6 24. f5 Nc7 25. g4 h6 26. Kg3 Kf8 27. Kf4 Re8 28. h4 Nb5 29. g5 hxg5+ 30. hxg5 Nd6 31. Rh1 Nc4 32. b3 Nb6 33. Rh8+ Ke7 34. Rh7 Rg8 35. f6+ gxf6 36. exf6+ Kf8 37. Bf5 c5 38. g6 1-0